banner koha

Ocorrência de Campylobacter e Enterobacteriaceae em aves silvestres e frangos de corte (Registro n. 328204)

MARC details
000 -LÍDER
fixed length control field 04144nab a2200361 i 4500
003 - CÓDIGO MARC DA AGÊNCIA CATALOGADORA
Campo de controle BR-BrBNA
005 - DATA E HORA DA ÚLTIMA ATUALIZAÇÃO
Campo de controle 20241021104640.0
008 - CAMPO DE TAMANHO FIXO
fixed length control field 241021b2019 bl.|r|pooa||| 00| 0 por |
040 ## - FONTE DA CATALOGAÇÃO
Agência catalogadora BR-BrBNA
Idioma da catalogação por
072 ## - CATEGORIA AGRIS
Código AGRIS L70
Código do objeto 8890
100 ## - ENTRADA PRINCIPAL - NOME PESSOAL
Nome pessoal Dias, P.A.
100 ## - ENTRADA PRINCIPAL - NOME PESSOAL
Nome pessoal Moraes, T.P.
100 ## - ENTRADA PRINCIPAL - NOME PESSOAL
Nome pessoal Wilsmann, D.E.
100 ## - ENTRADA PRINCIPAL - NOME PESSOAL
Nome pessoal Ferrasso, M.M.
100 ## - ENTRADA PRINCIPAL - NOME PESSOAL
Nome pessoal Marinheiro, M.F.
100 ## - ENTRADA PRINCIPAL - NOME PESSOAL
Nome pessoal Heinen, J.G.
100 ## - ENTRADA PRINCIPAL - NOME PESSOAL
Nome pessoal Calabuig, C.I.P.
100 ## - ENTRADA PRINCIPAL - NOME PESSOAL
Nome pessoal Timm, C.D.
245 ## - TÍTULO PRINCIPAL
Título principal Ocorrência de Campylobacter e Enterobacteriaceae em aves silvestres e frangos de corte
500 ## - NOTA GERAL
Nota geral Publicação online; 29 ref.; Summaries; Summaries (En, Pt)
942 ## - ADDED ENTRY ELEMENTS (KOHA)
Koha item type Analítica
520 ## - NOTA DE RESUMO
Nota de conteúdo <br/>RESUMO - As aves silvestres podem ser reservatório de bactérias patogênicas e atuar como veiculadoras desses microrganismos para o ambiente, os animais domésticos e o homem. Portanto, o objetivo deste trabalho foi verificar a ocorrência de Campylobacter spp., Yersinia enterocolitica e Salmonella enterica em aves silvestres capturadas nas áreas próximas de aviários e em frangos de corte alojados nesses estabelecimentos, além de verificar a presença dos genes cdtA, cdtB e cdtC nos isolados de Campylobacter e identificar os sorotipos de Salmonella encontrados. Amostras de fezes de 189 aves silvestres capturadas com redes de neblina nas áreas próximas de 10 aviários e de 200 frangos de corte foram processadas para pesquisa de Campylobacter spp., S. enterica e Y. enterocolitica. Duas espécies de aves silvestres, Sicalis flaveola (canário-da-terra) e Zonotrichia capensis (tico-tico), foram positivas para Salmonella e Campylobacter, respectivamente. Foram isolados Campylobacter spp., S. enterica e Y. enterocolitica de frangos. Todos os isolados de Campylobacter analisados apresentaram os genes cdt. Em dois aviários, Campylobacter foi isolado tanto de frangos como de aves silvestres, entretanto a contaminação mútua entre essas aves não foi comprovada. Este foi o primeiro relato de isolamento de Campylobacter de Z. capensis e de Salmonella do sorotipo Derby de S. flaveola.<br/><br/><br/>Palavras-chave: Campylobacter, Salmonella, Zonotrichia capensis, Sicalis flaveola
520 ## - NOTA DE RESUMO
Nota de conteúdo <br/>ASTRACT - Wild birds can be reservoirs of pathogenic bacteria and act as carriers of these microorganisms to the environment, domestic animals, and humans. Therefore, this study had as objective to verify the occurrence of Campylobacter spp., Yersinia enterocolitica and Salmonella enterica in wild birds captured in the surroundings of the aviaries and in the broilers housed in these establishments. The presence of the cdtA, cdtB and cdtC genes in Campylobacter isolates was also investigated and Salmonella serotypes were identified. Stool samples from 189 wild birds captured with mist nets in around 10 aviaries and from 200 broilers were processed for Campylobacter spp., S. enterica and Y. enterocolitica research. Two species of wild birds, Sicalis flaveola (Saffron Finch) and Zonotrichia capensis (Rufous-collared Sparrow) were positive for Salmonella and Campylobacter, respectively. Campylobacter spp., S. enterica and Y. enterocolitica were isolated from broilers. The cdt genes were found in all Campylobacter isolates. In two aviaries, Campylobacter was isolated from both broilers and wild birds, however the mutual contamination among these birds has not been shown. This was the first report of Campylobacter isolation from Z. capensis and of Derby Salmonella serotype isolation from S. flaveola.<br/><br/><br/>Keywords: Campylobacter, Salmonella, Zonotrichia capensis, Sicalis flaveola
650 ## - ASSUNTO - THESAGRO
Cabeçalho tópico ou nome geográfico AVE SELVAGEM
650 ## - ASSUNTO - THESAGRO
Cabeçalho tópico ou nome geográfico MICRORGANISMO
650 ## - ASSUNTO - THESAGRO
Cabeçalho tópico ou nome geográfico CONTAMINAÇÃO
650 ## - ASSUNTO - THESAGRO
Cabeçalho tópico ou nome geográfico BACTÉRIA
650 ## - ASSUNTO - THESAGRO
Cabeçalho tópico ou nome geográfico SANIDADE ANIMAL
650 ## - ASSUNTO - THESAGRO
Cabeçalho tópico ou nome geográfico VETERINÁRIA
773 0# - ENTRADA ANALÍTICA
Host Biblionumber 1643
Registro do item 345321
Imprenta Belo Horizonte-MG Universidade Federal de Minas Gerais - Escola de Veterinaria 1983
Outro identificador 2024-5846
Título Arquivo Brasileiro de Medicina Veterinária e Zootecnia (Brazil)
ISSN 0102-0935
Colação v. 71(1) p. 225-231; (2019)
Número de controle de registro BR2024002919
856 ## - ACESSO E ENDEREÇO ELETRÔNICO
Identificador uniforme de recurso - URI https://www.scielo.br/j/abmvz/a/SLdBM6jSMfQ9ZjVRpTY6kMf/?format=pdf&lang=pt

Nenhum exemplar disponível.

BINAGRI

Telefone: (61)3218-2567/2388/3357/2097 - binagri@agro.gov.br

Ministério da Agricultura e Pecuária , Esplanada dos Ministérios, Bloco D, Anexo B, Brasília/DF, CEP: 70.043-900